Anglický jazyk

Enregistré dans:
Détails bibliographiques
Auteur principal: Breveníková, Daniela
Autres auteurs: Borošová, Anna
Format: Livre
Langue:slovaque
anglais
Publié: Bratislava VŠE 1984
Sujets:
Tags: Ajouter un tag
Pas de tags, Soyez le premier à ajouter un tag!

MARC

LEADER 00000nam a2200000 4500
001 c112697
005 20230116091715.1
041 0 |a slo 
041 0 |a eng 
044 |a SK 
245 1 0 |a Anglický jazyk  |c Daniela Breveníková, Anna Borošová 
264 1 |a Bratislava  |b VŠE  |c 1984 
300 |a 266 s. 
610 2 0 |a jazykoveda 
610 2 0 |a angličtina 
610 2 0 |a prostriedky audiovizuálne 
100 1 |a Breveníková, Daniela 
700 1 |a Borošová, Anna